Democratization and civil society development in Taiwan some lessons for Central Europe

Podrobná bibliografia
Hlavný autor: Mesežnikov, Grigorij, 1958- (Autor)
Médium: Kniha
Jazyk:angličtina
Fyzický popis:99 s. 21 cm
Vydavateľské údaje: Bratislava Institute for Public Affairs 2013
ISBN:9788089345410
Vydanie:1st ed.
Predmet:

MARC

LEADER 00000nam a2200000 a 4500
001 vtls010530263
003 SK-MaSNL
005 20260301214711.0
008 240318s2013 xo e n 000 0 eng
015 |a SNBA2013/08 
020 |a 9788089345410  |q (brož.) 
035 |a 1227216D-60B1-4D9C-9CD6-968B75233E5B 
035 |a urn:nbn:sk:snk-amjnp3 
035 |a urn:nbn:sk:snk-am001svj 
040 |a SNK  |b slo  |c SNK  |e AACR2 
041 0 |a eng 
043 |a a -ch--- 
044 |a xo  |c SK 
072 7 |a 321  |x Politológia  |2 konspekt 
080 |a 321.7:316.42  |2 2001 
080 |a 323.2116.3  |2 2001 
080 |a (529)  |2 2001 
080 |a (048.8)  |2 2001 
100 1 |a Mesežnikov, Grigorij,  |d 1958-  |4 aut  |9 87097 
245 1 0 |a Democratization and civil society development in Taiwan  |b some lessons for Central Europe  |c Grigorij Mesežnikov 
250 |a 1st ed. 
260 |a Bratislava  |b Institute for Public Affairs  |c 2013 
300 |a 99 s.  |c 21 cm 
504 |a Bibliogr.: s. 87-97 ; bibliogr. odkazy ; pozn. 
650 0 7 |a demokratizácia  |2 SNKPH  |9 3570 
650 0 7 |a Democratization  |2 SNKPHeng  |9 280445 
650 0 7 |a Civil society  |2 SNKPHeng  |9 318606 
650 0 7 |a občianska spoločnosť  |2 SNKPH  |9 4424 
651 7 |a Taiwan  |2 SNKPH  |9 41573 
655 7 |a štúdie  |2 SNKPH  |9 57033 
655 7 |a Studies  |2 SNKPHeng  |9 265573 
919 |a 978-80-89345-41-0 
958 |a NB 
999 |c 925643  |d 927573 
952 |a SNK  |b SNK  |y PREZ  |7 0  |p 17A1080548  |o snkSC 155471  |i snk2013/17437  |8 0  |0 0  |1 0  |4 0  |d 2013-07-24  |l 0  |r 2025-07-25 00:00:00  |w 2026-02-24 
952 |a SNK  |b SNK  |y VYP  |7 0  |p 17A1080547  |o snkSC 155471 D1  |i snk2013/17439  |8 0  |0 0  |1 0  |4 0  |d 2013-07-24  |l 0  |r 2026-02-24 08:30:55  |w 2026-02-24